Top 5: US States Quiz Stats

 Plays Quiz Updated Jul 10, 2017

Support Sporcle.
Go Orange.
Score 0/30 Timer 02:00
0 Plays Today
Hint State % Correct
Top 5 Largest in AreaCalifornia
98.6%
Top 5 Largest in PopulationCalifornia
98.6%
Top 5 Longest Coastlines (CRS)California
98.6%
Top 5 Largest in AreaTexas
98.5%
Top 5 Largest in PopulationTexas
98.5%
Top 5 Largest in PopulationNew York
95.4%
Top 5 Largest in AreaAlaska
94.8%
Top 5 Longest Coastlines (CRS)Alaska
94.8%
Top 5 Largest in PopulationFlorida
94%
Top 5 Longest Coastlines (CRS)Florida
94%
Top 5 Largest in AreaMontana
82.2%
Top 5 Smallest GDPMontana
82.2%
Top 5 Most Densely-PopulatedRhode Island
74%
Top 5 Smallest GDPMaine
68.9%
Top 5 Lowest Crime Rates Per 100kMaine
68.6%
Hint State % Correct
Top 5 Longest Coastlines (CRS)Hawaii
66.8%
Top 5 Most Densely-PopulatedNew Jersey
63.7%
Top 5 Lowest Crime Rates Per 100kWyoming
62%
Top 5 Smallest GDPWyoming
62%
Top 5 Largest in PopulationIllinois
61.3%
Top 5 Most Densely-PopulatedConnecticut
57.9%
Top 5 Lowest Crime Rates Per 100kVermont
57.7%
Top 5 Smallest GDPVermont
57.7%
Top 5 Largest in AreaNew Mexico
56.5%
Top 5 Most Densely-PopulatedMassachusetts
54.9%
Top 5 Lowest Crime Rates Per 100kNew Hampshire
53.7%
Top 5 Smallest GDPSouth Dakota
48%
Top 5 Most Densely-PopulatedMaryland
47%
Top 5 Longest Coastlines (CRS)Louisiana
37.1%
Top 5 Lowest Crime Rates Per 100kVirginia
35.3%

You're not logged in!

Compare scores with friends on all Sporcle quizzes.
OR
Log In
Forgot?

From the Vault

How'd They Meet?: Presidents & First Ladies Edition

by Hejman

"We haven’t been careless with the treasure that is ours — namely what we are to each other."
Remove Ads.
Support Sporcle.
Get the best of Sporcle when you Go Orange. This ad-free experience offers more features, more stats, and more fun while also helping to support Sporcle. Thank you for becoming a member.

Show Comments

Extras

Top Quizzes Today


Score Distribution

Your Account Isn't Verified!

In order to create a playlist on Sporcle, you need to verify the email address you used during registration. Go to your Sporcle Settings to finish the process.

Report this User

Report this user for behavior that violates our Community Guidelines.

Details: